| 000 | 00379nam a22001217a 4500 | ||
|---|---|---|---|
| 999 |
_c534524 _d534524 |
||
| 022 | _a2312-8755 E-2411-5037 | ||
| 082 | _aVol- | ||
| 245 |
_aJournal of professional research in social sciences / _cCentre for Research and Development Faculty of Social. |
||
| 260 |
_aLahore: _bMinhaj university. |
||
| 300 | _c24cm. | ||
| 650 |
_aSocial Sciences - Journals, _928244 |
||
| 942 | _cCR | ||